000
00331nam a22001457a 4500
008
181011b xxu||||| |||| 00| 0 eng d
020
_a
0306419637
041
_a
eng
080
_a
159.9 LAH
082
_a
159.9
100
_a
48
101
_a
PSI
245
_a
Advances in clinical child psychology
_c
Lah.B.B
942
_2
udc
_c
BK
999
_c
49340
_d
49340